Eliza

Bibliographic Details
Main Author: Othman Puteh
Format: Book
Published: Kuala Lumpur : DBP , 1994
Subjects:

MARC

LEADER 00000cam a2200000 7i4500
001 0000006581
002 000007099
005 20011210.0
020 |a 9836243720 
090 0 0 |a F   |b OTH 
100 0 |a Othman Puteh 
245 1 0 |a Eliza   |c Othman Puteh 
260 |a Kuala Lumpur :   |b DBP ,   |c 1994 
300 |a 87p. ;   |c 18cm. 
650 0 0 |a Malay fiction 
999 |a 039861   |b BUKU   |c PINJAMAN   |e PERPUSTAKAAN KOMUNITI PETALING JAYA 
999 |a 039862   |b BUKU   |c YOUTH FICTION   |e PERPUSTAKAAN KOMUNITI PETALING JAYA